Teaching young adult literature developing students as world citizens

Kaydedildi:
Detaylı Bibliyografya
Yazar: BEAN, Thomas W.
Materyal Türü: Kitap
Dil:İngilizce
Baskı/Yayın Bilgisi: Sage Publications 2014
Etiketler: Etiketle
Etiket eklenmemiş, İlk siz ekleyin!

MARC

LEADER 00000nam a22000007a 4500
008 201210b ||||| |||| 00| 0 eng d
020 |a 978-1-4129-5684-0 
100 |a BEAN, Thomas W. 
245 |a Teaching young adult literature  |b developing students as world citizens  |c Thomas W. Bean  |g xxviii; 336p; ill. 
260 |b Sage Publications  |c 2014  |h Los Angeles  |i 692006  |i 692007  |l PN1008.8 .B37  |m Young adult literature – Study and teaching.  |m Teenagers – Books and reading – United States. 
942 |a lcc  |c BK  |e YUNUSA, A.A.  |f 10/12/2020 
952 |0 0  |1 0  |2 lcc  |4 0  |6 PN10088 B37  |7 0  |9 313  |a HOL  |b ART  |c LP  |d 2020-12-10  |l 0  |o PN1008.8 .B37  |p 2020-2049  |r 2020-12-10 00:00:00  |w 2020-12-10  |y BK 
952 |0 0  |1 0  |2 lcc  |4 0  |6 PN10088 B37  |7 0  |9 315  |a HOL  |b HOL  |c LP  |d 2020-12-10  |l 0  |o PN1008.8 .B37  |p 2020-2051  |r 2020-12-10 00:00:00  |w 2020-12-10  |y BK 
999 |c 143  |d 143